000 00449nam a22001817a 4500
003 MPLRDC
005 20220104113543.0
008 210129b ||||| |||| 00| 0 eng d
020 _a7-5004-1690-3
082 _a857.7 BY-3 v.3
100 _a柏杨
245 _a柏杨小说全集. 第三卷
_c
250 _a一版一刷
260 _a
_b中国社会科学出版社
_c1995
300 _b
650 _a长篇小说
942 _cBK
_o857.7 BY-3 v.3
999 _c554
_d544